| 000 | 00406nam a2200157Ia 4500 | ||
|---|---|---|---|
| 008 | 210716s2007 xx 000 0 und d | ||
| 020 | _a813150140X | ||
| 041 | _aeng | ||
| 082 | _a005.1331 BROG | ||
| 100 | _aBronson, Gary J. | ||
| 245 |
_aFirst book of c++: from here to there. _bFrom here to there. |
||
| 250 | _a3 | ||
| 260 |
_aNoida _bThomson _c2007 |
||
| 300 | _axiv,768 | ||
| 650 | _aC++ Progamming | ||
| 999 |
_c189933 _d189933 |
||